| 000 | 01089nmm a2200349 a 4500 | ||
|---|---|---|---|
| 003 | AR-BaBNM | ||
| 005 | 20251128211011.0 | ||
| 008 | 112020s1997 ||||||||||||||000 | spa|| | ||
| 040 | _cAR-BaBNM | ||
| 110 | 1 |
_aSanta Fe _bGobierno de Santa Fe _bComisión de Diseño Curricular |
|
| 245 | 1 | 0 |
_aEGB _bsegundo ciclo |
| 260 |
_aSanta Fe _bMinisterio de Educación _c1997 |
||
| 300 | _a184 p. | ||
| 504 | _aContiene referencias bibliográficas al final de cada capítulo | ||
| 650 | 4 | _aCURRICULO | |
| 650 | 4 | _aENSEÑANZA DE LAS MATEMATICAS | |
| 650 | 4 | _aENSEÑANZA DE LAS CIENCIAS SOCIALES | |
| 650 | 4 | _aEDUCACION ARTISTICA | |
| 650 | 4 | _aDESARROLLO DEL CURRICULO | |
| 651 | 4 | _aSanta Fe | |
| 653 | _aSEGUNDO CICLO DE LA EGB | ||
| 653 | _aDISEÑO CURRICULAR | ||
| 653 | _aENSEÑANZA DE LA LENGUA | ||
| 653 | _aENSEÑANZA DE LAS CIENCIAS NATURALES | ||
| 653 | _aEDUCACION TECNOLOGICA | ||
| 653 | _aFORMACION ETICA Y CIUDADANA | ||
| 653 | _aESTRATEGIAS DIDACTICAS | ||
| 653 | _aESTRATEGIAS DIDACTICAS | ||
| 653 | _aGESTION CURRICULAR | ||
| 942 | _cBK | ||
| 998 | _craquel | ||
| 999 |
_c17828 _d17828 |
||